000 00965nam a2200277 c 4500
003 BLK
005 20230725160353.0
008 180409b bul|||||r ||||||| ||bul||
010 _aKNG00103902000
040 _aBLK
041 _aBUL
_cBUL
080 _aБългарска литература
_b821.163.2
_x-2
_z821.163.2-2
100 1 _aКостов, Стефан Лазаров
_983131
_d1879 – 1939
_qСтефан Лазаров Костов
139 _aКостов, Стефан Лазаров
_bК 86
245 1 0 _aГолеманов
_bКомедия в три действия
_cСтефан Лазаров Костов.
250 _a2. изд.
257 _aBGR
260 _bБълг. писател
_c1966
_aСофия
300 _a76 с.
_c20 см
380 _aX
490 _aБиблиотека за ученика
_9201322
852 _aЦб 39291
_bЦб
942 _cKNG
_n0
_s1
944 _aCR
_c2022-06-01
_k30556
_lТеодора Пейчева-Дянкова
999 _c98911
_d98911
999 _d98911